[Event "European Youth Chess Championship B12"]
[Site "Prague, Top Hotel Prague"]
[Date "2016.08.26"]
[Round "8.73"]
[White "Jaques, Hannibal Valeur"]
[Black "Kusa, Jakub"]
[Result "0-1"]
[WhiteElo "1518"]
[BlackElo "1567"]
[PlyCount "136"]
[EventDate "2016.08.18"]

1. e4 c5 2. Nc3 Nc6 3. g3 g6 4. Bg2 Bg7 5. f4 d6 6. Nf3 Nf6 7. O-O O-O 8. d3
Rb8 9. Be3 b5 10. h3 b4 11. Ne2 Ne8 12. g4 Bxb2 13. Rb1 Bg7 14. Kf2 Nc7 15. f5
Ne5 16. Nxe5 Bxe5 17. c3 Na6 18. cxb4 Rxb4 19. Rxb4 Nxb4 20. Qb3 Ba6 21. Nc1
Qb6 22. fxg6 hxg6 23. Ke2 Nc6 24. Rh1 Rb8 25. Qxb6 Rxb6 26. Nb3 Nd4+ 27. Bxd4
cxd4 28. Rc1 Bf6 29. Rc7 Rb7 30. Rxb7 Bxb7 31. Kf2 Ba6 32. Ke2 Kg7 33. Na5 Bb5
34. Nb3 e5 35. Kd2 Kh6 36. Bf1 Kg5 37. Ke2 Kf4 38. Na5 Be7 39. Kf2 f5 40. gxf5
gxf5 41. exf5 Kxf5 42. Kf3 d5 43. Nb3 Ba4 44. Bg2 Bxb3 45. axb3 e4+ 46. Ke2 Bg5
47. Bf1 Kf4 48. Bg2 Bh4 49. Kd2 Kg3 50. dxe4 Kxg2 51. Kd3 dxe4+ 52. Kxe4 Bf6
53. h4 Kf2 54. Kd3 Kf3 55. h5 Kf4 56. h6 Kf5 57. b4 Kg6 58. Ke4 Kxh6 59. Kf4
Bd8 60. Kf3 Bb6 61. Kf4 d3 62. Kf3 Kg5 63. b5 Kf5 64. Kg3 d2 65. Kg2 d1=Q 66.
Kg3 Qe2 67. Kh3 Bg1 68. Kg3 Qg4# 0-1

[Event "European Youth Chess Championship B12"]
[Site "Prague, Top Hotel Prague"]
[Date "2016.08.26"]
[Round "8.74"]
[White "Stagno, Matteo"]
[Black "Stepanencu, Nicodim-Cosmin"]
[Result "0-1"]
[WhiteElo "1142"]
[BlackElo "1551"]
[PlyCount "94"]
[EventDate "2016.08.18"]

{Waiting for moves from server...} 1. d4 Nf6 2. c4 e6 3. Nc3 d5 4. c5 b6 5. b4
a5 6. Ba3 axb4 7. Bxb4 Nfd7 8. Na4 Na6 9. Qc2 Nxb4 10. Qb3 bxc5 11. e3 c4 12.
Qd1 c5 13. Nf3 Nd3+ 14. Bxd3 Qa5+ 15. Nd2 Qxa4 16. Bc2 Qa7 17. dxc5 Bxc5 18.
O-O Ba6 19. Re1 O-O 20. Qh5 Nf6 21. Qh3 e5 22. Kh1 Bb4 23. Red1 Bc8 24. Qh4 Be7
25. Qg3 e4 26. Nb1 g6 27. Nc3 Nh5 28. Qe5 Bf6 29. Qxd5 Bxc3 30. Rab1 Be6 31.
Qxe4 Bf5 32. Qxc4 Bxc2 33. Qxc3 Bxb1 34. Rxb1 Qxa2 35. Rf1 Rfc8 36. Qd4 Qe2 37.
Kg1 Ng7 38. h3 Ra2 39. Qe4 Rca8 40. Qd4 Nf5 41. Qc3 Ng3 42. Qe1 Nxf1 43. Qxe2
Rxe2 44. Kxf1 Raa2 45. f4 Rxg2 46. e4 Rgb2 47. Ke1 Rb1# 0-1

[Event "European Youth Chess Championship B12"]
[Site "Prague, Top Hotel Prague"]
[Date "2016.08.26"]
[Round "8.78"]
[White "Nesse, David"]
[Black "Berezovsky, Jonathan"]
[Result "1-0"]
[WhiteElo "1602"]
[BlackElo "1164"]
[PlyCount "79"]
[EventDate "2016.08.18"]

1. e4 c5 2. Nc3 a6 3. f4 e6 4. Nf3 Nc6 5. g3 d5 6. Qe2 d4 7. Nd1 b5 8. d3 Be7
9. Bg2 Bb7 10. O-O Qc7 11. Bd2 h5 12. a4 h4 13. axb5 axb5 14. Rxa8+ Bxa8 15.
Nf2 e5 16. fxe5 Nxe5 17. Nxe5 Qxe5 18. Bf4 Qe6 19. g4 g5 20. Bd2 f6 21. Ra1 Bc6
22. Ra6 Qc8 23. Ra2 Nh6 24. h3 Qe6 25. Ra6 Qc8 26. Ra2 Qe6 27. Ra7 Qe5 28. Qf1
Bd6 29. Qa1 O-O 30. Ra6 Be8 31. Rb6 Bg6 32. Qa6 Rd8 33. Kf1 Qh2 34. Qxb5 Bg3
35. Rxf6 Rf8 36. Rxf8+ Kxf8 37. Bxg5 Bxf2 38. Bxh6+ Kf7 39. Qd7+ Kf6 40. g5+
1-0

[Event "European Youth Chess Championship B12"]
[Site "Prague, Top Hotel Prague"]
[Date "2016.08.27"]
[Round "9.1"]
[White "Solomon, Asif"]
[Black "Gharibyan, Mamikon"]
[Result "1/2-1/2"]
[WhiteElo "2057"]
[BlackElo "2194"]
[PlyCount "63"]
[EventDate "2016.08.18"]

1. d4 Nf6 2. c4 e6 3. Nc3 Bb4 4. e3 Bxc3+ 5. bxc3 c5 6. Bd3 Nc6 7. Ne2 d6 8.
O-O e5 9. f4 e4 10. Bc2 O-O 11. Ng3 Re8 12. f5 Na5 13. dxc5 dxc5 14. Nxe4 Nxe4
15. Bxe4 Qxd1 16. Rxd1 g6 17. Bc2 Bxf5 18. Bxf5 gxf5 19. Rd5 b6 20. Rxf5 Rad8
21. e4 Rd1+ 22. Kf2 Re6 23. Rd5 Rxd5 24. cxd5 Rxe4 25. Bh6 f6 26. Re1 Rxe1 27.
Kxe1 Kf7 28. Bf4 Nc4 29. Ke2 f5 30. Bb8 Ke7 31. Kd3 b5 32. h3 1/2-1/2

[Event "European Youth Chess Championship B12"]
[Site "Prague, Top Hotel Prague"]
[Date "2016.08.27"]
[Round "9.2"]
[White "Bjerre, Jonas"]
[Black "Ozenir, Ekin Baris"]
[Result "0-1"]
[WhiteElo "2382"]
[BlackElo "2030"]
[PlyCount "116"]
[EventDate "2016.08.18"]

1. e4 e6 2. d4 d5 3. Nd2 c5 4. Ngf3 Nf6 5. exd5 exd5 6. dxc5 Bxc5 7. Bd3 O-O 8.
O-O Nc6 9. Nb3 Bb6 10. h3 Qc7 11. c3 Bxh3 12. gxh3 Qg3+ 13. Kh1 Qxh3+ 14. Nh2
Ne5 15. Be2 Ne4 16. Nd4 Qh4 17. Qe1 Ng6 18. Kg2 Ng5 19. f4 Qh3+ 20. Kh1 Nh4 21.
Rg1 Bxd4 22. Rxg5 Bf6 23. Bf1 Qxh2+ 24. Kxh2 Nf3+ 25. Kg3 Nxe1 26. Rxd5 Rad8
27. Bc4 Rxd5 28. Bxd5 Nd3 29. Bxb7 Rb8 30. Bd5 Nxc1 31. Rxc1 Rxb2 32. Bb3 Rd2
33. c4 Rd3+ 34. Kg2 Rd7 35. c5 Rc7 36. Kf3 Be7 37. c6 Bd6 38. Bd5 g6 39. Rd1
Kg7 40. Be4 Be7 41. Ke3 f5 42. Bf3 Kf6 43. Kd4 Bd6 44. Kd5 Bxf4 45. Rd4 Bg3 46.
Rd3 Re7 47. Rb3 g5 48. a4 g4 49. Bg2 Be5 50. Re3 Bc7 51. Rb3 h5 52. Rb7 Bg3 53.
Rb3 h4 54. a5 Bf4 55. Rb4 Re5+ 56. Kd4 Rxa5 57. Rb7 h3 58. Bf1 Ra1 0-1

[Event "European Youth Chess Championship B12"]
[Site "Prague, Top Hotel Prague"]
[Date "2016.08.27"]
[Round "9.3"]
[White "Oglaza, Oskar"]
[Black "Kochavi, Ori"]
[Result "1/2-1/2"]
[WhiteElo "2128"]
[BlackElo "2038"]
[PlyCount "43"]
[EventDate "2016.08.18"]

1. e4 d5 2. exd5 Qxd5 3. Nc3 Qd6 4. d4 Nf6 5. Nf3 c6 6. Ne5 Nbd7 7. Bf4 Nd5 8.
Qd2 Nxf4 9. Qxf4 Nf6 10. O-O-O e6 11. g4 Qc7 12. g5 Nd5 13. Nxd5 exd5 14. Bd3
Bd6 15. Rde1 Be6 16. Qh4 O-O-O 17. f4 Bxe5 18. Rxe5 Rde8 19. Rhe1 Qa5 20. a3
Qd8 21. Qg3 Bd7 22. h4 1/2-1/2

[Event "European Youth Chess Championship B12"]
[Site "Prague, Top Hotel Prague"]
[Date "2016.08.27"]
[Round "9.4"]
[White "Stukan, Martin"]
[Black "Nguyen, Alex Dac-Vuong"]
[Result "1-0"]
[WhiteElo "1962"]
[BlackElo "2069"]
[PlyCount "65"]
[EventDate "2016.08.18"]

1. e4 e6 2. d4 d5 3. Nc3 Nf6 4. Bg5 Bb4 5. e5 h6 6. Bd2 Bxc3 7. bxc3 Ne4 8. Qg4
Kf8 9. Qf4 Kg8 10. Bd3 Nxd2 11. Qxd2 c5 12. h4 c4 13. Be2 Kh7 14. Nf3 Nc6 15.
g4 b5 16. h5 Qe7 17. g5 Kg8 18. g6 fxg6 19. Nh4 Qa3 20. Nxg6 Rh7 21. Rh3 Bd7
22. Qc1 Qa5 23. Qf4 Qd8 24. Rf3 Qe8 25. Qh4 a5 26. a3 Ra7 27. Rb1 Rb7 28. Kd2
Rb8 29. Rg1 Nd8 30. Rf8+ Qxf8 31. Nxf8 Kxf8 32. Qg4 Nf7 33. Qg6 1-0

[Event "European Youth Chess Championship B12"]
[Site "Prague, Top Hotel Prague"]
[Date "2016.08.27"]
[Round "9.5"]
[White "Trifan, Andrei Ioan"]
[Black "Tanriverdi, Enes"]
[Result "0-1"]
[WhiteElo "2069"]
[BlackElo "1991"]
[PlyCount "76"]
[EventDate "2016.08.18"]

1. c4 Nf6 2. Nc3 e5 3. Nf3 Nc6 4. a3 a5 5. d4 exd4 6. Nxd4 Bc5 7. Nb3 Ba7 8. e4
h6 9. Bd3 O-O 10. O-O d6 11. Nd5 Re8 12. Qc2 a4 13. Nd2 Nd4 14. Qxa4 Nxd5 15.
cxd5 Nf3+ 16. Kh1 Nxh2 17. Qxe8+ Qxe8 18. Kxh2 Qe5+ 19. Kg1 Qg3 20. Be2 Qg6 21.
Bf3 Bg4 22. Bxg4 Qxg4 23. a4 Bc5 24. Ra2 Re8 25. Re1 Re5 26. a5 Rg5 27. Kf1
Qxg2+ 28. Ke2 Qxf2+ 29. Kd1 Rg1 30. Rxg1 Qxg1+ 31. Kc2 h5 32. Kb1 Be3 33. b4 h4
34. Rc2 Bxd2 35. Rxd2 h3 36. b5 h2 37. a6 bxa6 38. bxa6 h1=Q 0-1

[Event "European Youth Chess Championship B12"]
[Site "Prague, Top Hotel Prague"]
[Date "2016.08.27"]
[Round "9.6"]
[White "Ognean, Mihnea-Ionut"]
[Black "Larkin, Vladislav"]
[Result "0-1"]
[WhiteElo "2037"]
[BlackElo "1932"]
[PlyCount "88"]
[EventDate "2016.08.18"]

1. e4 d5 2. exd5 Qxd5 3. Nc3 Qa5 4. d4 c6 5. Nf3 Bf5 6. Bc4 e6 7. Bd2 Qc7 8.
Ne5 Nd7 9. Qe2 Nxe5 10. dxe5 Bc5 11. O-O-O O-O-O 12. h4 h5 13. Bg5 Ne7 14.
Rxd8+ Qxd8 15. Rd1 Qa5 16. f3 Bg6 17. Ne4 Bxe4 18. Qxe4 Nd5 19. g4 Qb6 20. gxh5
Be3+ 21. Bxe3 Qxe3+ 22. Qxe3 Nxe3 23. Rd4 Rxh5 24. Bd3 Rxe5 25. Rf4 Nf5 26. Kd2
Rd5 27. c4 Rd4 28. Rxd4 Nxd4 29. Ke3 c5 30. Kf4 Kd7 31. Be4 b6 32. h5 Ke7 33.
Kg5 Ne2 34. Bd3 Nd4 35. Be4 Kd6 36. f4 Ke7 37. Bd3 Kd6 38. Be4 e5 39. f5 Ke7
40. Bd5 Ne2 41. Ba8 f6+ 42. Kg6 Nf4+ 43. Kxg7 Nxh5+ 44. Kg6 Ng3 0-1

[Event "European Youth Chess Championship B12"]
[Site "Prague, Top Hotel Prague"]
[Date "2016.08.27"]
[Round "9.7"]
[White "Kacharava, Nikolozi"]
[Black "Abelakiotis, Stavros"]
[Result "1-0"]
[WhiteElo "2024"]
[BlackElo "1784"]
[PlyCount "63"]
[EventDate "2016.08.18"]

1. e4 c5 2. Nf3 e6 3. d4 cxd4 4. Nxd4 Nc6 5. Nc3 Qc7 6. Be3 a6 7. Qf3 b5 8.
Nxc6 Qxc6 9. Bd3 d6 10. Qg3 Nf6 11. O-O b4 12. Ne2 Nxe4 13. Bxe4 Qxe4 14. c3
Bb7 15. cxb4 Be7 16. Qxg7 Bf6 17. Qg3 O-O-O 18. Nc3 Bxc3 19. Rac1 Kb8 20. Rxc3
Qxb4 21. Rb3 Qa4 22. Qf3 Qd7 23. Qf4 Rhg8 24. f3 Ka8 25. Qd4 Bd5 26. Ra3 Qb7
27. Qd3 Bxf3 28. Rxa6+ Kb8 29. Rxf3 Qxf3 30. Ba7+ Kb7 31. Rb6+ Kxa7 32. Qa6#
1-0

[Event "European Youth Chess Championship B12"]
[Site "Prague, Top Hotel Prague"]
[Date "2016.08.27"]
[Round "9.8"]
[White "Petkov, Momchil"]
[Black "Pogosyan, Stefan"]
[Result "0-1"]
[WhiteElo "1997"]
[BlackElo "2200"]
[PlyCount "192"]
[EventDate "2016.08.18"]

1. e4 e5 2. Nf3 Nc6 3. Bc4 Nf6 4. d3 Be7 5. c3 O-O 6. O-O d6 7. Bb3 Na5 8. Bc2
c5 9. h3 Re8 10. Bg5 h6 11. Bh4 Bf8 12. Nbd2 Nc6 13. Nc4 Be6 14. Ne3 g6 15. d4
cxd4 16. cxd4 exd4 17. Nxd4 Nxd4 18. Qxd4 Bg7 19. f4 Ng4 20. Qd3 Qxh4 21. hxg4
Bxg4 22. f5 Bh5 23. fxg6 fxg6 24. Qd5+ Kh8 25. Nc4 Rad8 26. a4 Re5 27. Qd3 Rxe4
28. Qxe4 Bd4+ 29. Ne3 Qxe4 30. Bxe4 Bxe3+ 31. Kh2 d5 32. Bf3 Bxf3 33. Rxf3 Bg5
34. Rd1 d4 35. Kg3 Kg7 36. Kf2 Bf6 37. Ke2 Rd6 38. Kd3 Rc6 39. Re1 Kf7 40. Rff1
Rb6 41. Re2 a5 42. Rc2 Ke6 43. Ke4 Rb4 44. Rf3 d3+ 45. Kxd3 Rxa4 46. Re2+ Be5
47. Rf8 Rd4+ 48. Kc2 Rd5 49. Re8+ Kf6 50. Rf2+ Kg5 51. Re6 Rb5 52. Kc1 h5 53.
Re8 Kg4 54. Rc8 g5 55. Rcc2 Bf4+ 56. Kb1 Rb3 57. Ka2 a4 58. Rfe2 b5 59. Rc3
Rxc3 60. bxc3 Kg3 61. c4 bxc4 62. Ka3 c3 63. Kxa4 g4 64. Kb3 Bd2 65. Kc2 h4 66.
Kd3 Kh2 67. Kc2 g3 68. Kd3 Kh1 69. Kc2 Kg1 70. Kd3 Kf1 71. Re4 Kxg2 72. Rxh4
Kf3 73. Rh8 g2 74. Rg8 Be1 75. Rf8+ Kg4 76. Rb8 Kh3 77. Rh8+ Bh4 78. Rg8 Bg3
79. Rh8+ Kg4 80. Rg8+ Kf4 81. Rf8+ Ke5 82. Re8+ Kd6 83. Kxc3 g1=Q 84. Rd8+ Kc7
85. Rd3 Be5+ 86. Kc4 Kc6 87. Rd2 Qb1 88. Rd6+ Bxd6 89. Kd4 Bc5+ 90. Ke5 Qe1+
91. Kf5 Qe3 92. Kg4 Qe4+ 93. Kg5 Qf3 94. Kg6 Qf4 95. Kg7 Qf5 96. Kh6 Bf8# 0-1

[Event "European Youth Chess Championship B12"]
[Site "Prague, Top Hotel Prague"]
[Date "2016.08.27"]
[Round "9.9"]
[White "Gines, Esteo Pedro Antonio"]
[Black "Bacrot, Alexandre"]
[Result "0-1"]
[WhiteElo "2194"]
[BlackElo "1961"]
[PlyCount "124"]
[EventDate "2016.08.18"]

1. d4 d5 2. Nf3 Nf6 3. c4 c6 4. e3 Bf5 5. Nc3 e6 6. Nh4 Be4 7. f3 Bg6 8. Qb3
Qc7 9. Bd2 Nbd7 10. g3 Be7 11. cxd5 Nxd5 12. Nxg6 hxg6 13. e4 N5b6 14. O-O-O
O-O-O 15. Kb1 Bd6 16. Be2 Kb8 17. Rc1 a6 18. Na4 Nxa4 19. Qxa4 Nb6 20. Qb3 Be5
21. Bg5 Bxd4 22. Bxd8 Rxd8 23. Rhd1 e5 24. Bc4 f6 25. Bf7 g5 26. Be6 Ka7 27.
Bf5 c5 28. Rh1 Rd6 29. h4 gxh4 30. Rxh4 c4 31. Qc2 Qc6 32. Bh3 Qb5 33. Bf1 Rc6
34. Rh2 g5 35. a3 a5 36. a4 Qb4 37. Ka2 Nxa4 38. Rb1 Nb6 39. b3 c3 40. Bd3 Nd7
41. Qc1 Nc5 42. Bc4 Na6 43. Bd5 Rb6 44. Ra1 Qc5 45. Kb1 Nb4 46. Bc4 c2+ 47.
Rxc2 Nxc2 48. Qxc2 Bxa1 49. Kxa1 Qa3+ 50. Kb1 a4 51. Qa2 Qxa2+ 52. Kxa2 axb3+
53. Bxb3 Rd6 54. Bc2 Rd2 55. Kb3 Kb6 56. Kc3 Rxc2+ 57. Kxc2 Kc5 58. Kc3 b5 59.
g4 b4+ 60. Kb3 Kb5 61. Kb2 Kc4 62. Kc2 Kd4 0-1

[Event "European Youth Chess Championship B12"]
[Site "Prague, Top Hotel Prague"]
[Date "2016.08.27"]
[Round "9.10"]
[White "Suleymanli, Aydin"]
[Black "Sargsyan, Sargis Vach"]
[Result "0-1"]
[WhiteElo "2145"]
[BlackElo "1912"]
[PlyCount "88"]
[EventDate "2016.08.18"]

1. d4 Nf6 2. c4 e6 3. Nf3 b6 4. a3 Ba6 5. e3 c5 6. b3 cxd4 7. exd4 Be7 8. Bb2
O-O 9. Nbd2 d6 10. Bd3 Bb7 11. O-O Nbd7 12. Re1 Re8 13. Rc1 Bf8 14. Bb1 Qc7 15.
Re3 h6 16. Qc2 e5 17. Rce1 e4 18. Nh4 d5 19. Qd1 h5 20. h3 g6 21. cxd5 Bh6 22.
Nxe4 Bxe3 23. Rxe3 Nxe4 24. Bxe4 Qf4 25. g3 Qd6 26. Ng2 Nf6 27. Bf3 Rxe3 28.
Nxe3 b5 29. Qd3 a6 30. a4 Nxd5 31. axb5 Re8 32. Nc4 Qe6 33. Ne5 Qxh3 34. bxa6
Nf4 35. Qf1 Bxf3 36. Qxh3 Nxh3+ 37. Kh2 Ng5 38. Bc1 f6 39. Nd3 Ne6 40. Be3 Nc7
41. Nc5 Ra8 42. b4 Nxa6 43. b5 Nxc5 44. g4 h4 0-1

[Event "European Youth Chess Championship B12"]
[Site "Prague, Top Hotel Prague"]
[Date "2016.08.27"]
[Round "9.11"]
[White "Ahmadzada, Ahmad"]
[Black "Stoyanov, Georgi"]
[Result "1/2-1/2"]
[WhiteElo "2113"]
[BlackElo "1810"]
[PlyCount "126"]
[EventDate "2016.08.18"]

1. e4 c6 2. d4 d5 3. Nc3 dxe4 4. Nxe4 Bf5 5. Ng3 Bg6 6. Nf3 Nd7 7. Bd3 e6 8.
O-O Ngf6 9. b3 Bd6 10. Bb2 Nd5 11. c4 Nf4 12. Bc2 O-O 13. Bxg6 Nxg6 14. Ne4 Be7
15. g3 Nf6 16. Qe2 Qb6 17. h4 Rad8 18. Rad1 Qa5 19. Bc3 Qf5 20. Nfg5 h6 21.
Nxf6+ Bxf6 22. Ne4 Qh3 23. h5 Ne7 24. Bb4 Rfe8 25. Nd6 Nf5 26. Nxe8 Rxe8 27.
Qe4 Rd8 28. d5 exd5 29. cxd5 cxd5 30. Qg2 Qg4 31. Bd2 Be5 32. Bc1 Nd4 33. f3
Qxh5 34. g4 Qh4 35. f4 Bf6 36. Bb2 Re8 37. Rf2 Re3 38. Bxd4 Bxd4 39. Rxd4 Rg3
40. Rxd5 Qxg4 41. f5 h5 42. Qxg3 Qxg3+ 43. Rg2 Qe1+ 44. Kh2 Qe4 45. Rgd2 h4 46.
R2d4 Qe2+ 47. Kh3 g5 48. fxg6 fxg6 49. Kxh4 Kg7 50. Kg5 Qg2+ 51. Kf4 Kh6 52.
Rd2 g5+ 53. Ke5 Qg3+ 54. Ke6 Qe3+ 55. Kd7 g4 56. Rh2+ Kg6 57. Rdd2 g3 58. Rhe2
Qf3 59. Kc7 Qc6+ 60. Kb8 b5 61. Kxa7 Kg5 62. Rc2 Qd6 63. Red2 Qf6 1/2-1/2

[Event "European Youth Chess Championship B12"]
[Site "Prague, Top Hotel Prague"]
[Date "2016.08.27"]
[Round "9.12"]
[White "Morgunov, Marc"]
[Black "Dobrikov, Marco"]
[Result "1-0"]
[WhiteElo "2078"]
[BlackElo "1911"]
[PlyCount "111"]
[EventDate "2016.08.18"]

1. e4 c5 2. Nc3 Nc6 3. Bb5 Nd4 4. Bc4 g6 5. Nf3 Bg7 6. Nxd4 cxd4 7. Qf3 e6 8.
Nb5 d6 9. Qa3 Be5 10. c3 d3 11. Bxd3 a6 12. Bc2 Rb8 13. d4 axb5 14. dxe5 dxe5
15. Qc5 f6 16. Qxb5+ Bd7 17. Qb4 Ne7 18. O-O Kf7 19. Rd1 Qc8 20. Be3 Bc6 21.
Rd6 Re8 22. Rad1 g5 23. Bb6 Ng6 24. Bb3 Nf8 25. Rd8 Rxd8 26. Rxd8 Qxd8 27. Bxd8
Rxd8 28. Kf1 Ng6 29. g3 Ne7 30. Ke2 Nc8 31. Ba4 Bxa4 32. Qxa4 Nd6 33. Ke3 f5
34. f3 Kf6 35. c4 Rc8 36. b3 Rc6 37. Qa5 g4 38. c5 f4+ 39. gxf4 exf4+ 40. Kxf4
Nf7 41. fxg4 e5+ 42. Ke3 Ng5 43. Qd8+ Kg6 44. Qe8+ Kf6 45. b4 Ne6 46. Qh8+ Ng7
47. Qxh7 Ra6 48. Qg8 Ne6 49. Qh8+ Ng7 50. Qf8+ Kg6 51. h4 Ra3+ 52. Kd2 Rxa2+
53. Kc3 Re2 54. h5+ Kh7 55. g5 Nxh5 56. Qh6+ 1-0

[Event "European Youth Chess Championship B12"]
[Site "Prague, Top Hotel Prague"]
[Date "2016.08.27"]
[Round "9.13"]
[White "Uzumcu, Ahmet Utku"]
[Black "Hakobyan, Eduard"]
[Result "1-0"]
[WhiteElo "2047"]
[BlackElo "1776"]
[PlyCount "119"]
[EventDate "2016.08.18"]

1. e4 c5 2. Nf3 e6 3. d4 cxd4 4. Nxd4 a6 5. Bd3 Qe7 6. O-O Nf6 7. Qe2 d6 8. c4
g6 9. Nc3 Bg7 10. Re1 O-O 11. Nf3 Nbd7 12. Bc2 Ng4 13. Bb3 b6 14. h3 Ngf6 15.
Bf4 Ne5 16. Nxe5 dxe5 17. Be3 Bb7 18. f3 Nd7 19. a3 Rfd8 20. Ba2 h5 21. b4 Kh7
22. g4 Bh6 23. Bxh6 Kxh6 24. gxh5 g5 25. Qe3 Kxh5 26. Re2 Nf8 27. Rg2 f6 28.
Ne2 Ng6 29. c5 Nf4 30. Nxf4+ exf4 31. Qc3 e5 32. Qb3 bxc5 33. Rc1 Rd7 34. Qe6
Qd8 35. Qg4+ Kg6 36. Be6 Rd1+ 37. Rxd1 Qxd1+ 38. Kh2 Qd8 39. Bf5+ Kg7 40. Qh5
Qh8 41. Qg6+ Kf8 42. Rd2 Qg7 43. Qxg7+ Kxg7 44. Rd7+ Kf8 45. Rxb7 cxb4 46. axb4
Rd8 47. Kg2 Rd2+ 48. Kf1 Rb2 49. Rb6 Ke7 50. Rxa6 Rxb4 51. Ra3 Rb2 52. Ke1 Rg2
53. Rd3 Rc2 54. Rd2 Rc3 55. Ke2 Re3+ 56. Kf2 Ra3 57. Bg4 Re3 58. Rc2 Kd6 59.
Ra2 Ke7 60. Ra7+ 1-0

[Event "European Youth Chess Championship B12"]
[Site "Prague, Top Hotel Prague"]
[Date "2016.08.27"]
[Round "9.14"]
[White "Mitev, Valentin"]
[Black "Verma, Aditya"]
[Result "1-0"]
[WhiteElo "2119"]
[BlackElo "1890"]
[PlyCount "49"]
[EventDate "2016.08.18"]

1. d4 d5 2. Bf4 Nf6 3. e3 c5 4. Nc3 e6 5. Nb5 Na6 6. c3 Be7 7. dxc5 Bxc5 8. b4
Be7 9. Bd3 O-O 10. a4 Bd7 11. Ne2 Bxb5 12. axb5 Nc7 13. Rxa7 Rxa7 14. b6 Ra8
15. bxc7 Qd7 16. Nd4 Bd6 17. Bxd6 Qxd6 18. Nb5 Qd7 19. Qb1 e5 20. f3 e4 21.
fxe4 dxe4 22. Be2 Nd5 23. O-O Nxc7 24. Rd1 Qe7 25. Nd6 {not readable} 1-0

[Event "European Youth Chess Championship B12"]
[Site "Prague, Top Hotel Prague"]
[Date "2016.08.27"]
[Round "9.15"]
[White "Ben Ari, Yannay"]
[Black "Subelj, Jan"]
[Result "0-1"]
[WhiteElo "1883"]
[BlackElo "2088"]
[PlyCount "88"]
[EventDate "2016.08.18"]

1. e4 e5 2. Nc3 Nc6 3. g3 Nf6 4. Bg2 Bc5 5. h3 d6 6. Nge2 Be6 7. Na4 Bb6 8.
Nxb6 axb6 9. d4 exd4 10. Nxd4 O-O 11. O-O Nxd4 12. Qxd4 Qd7 13. Kh2 Ra4 14. Qe3
Rxe4 15. Bxe4 Bxh3 16. Bxh7+ Kh8 17. Qd3 Bxf1 18. Qxf1 Kxh7 19. Qd3+ Kg8 20.
Bf4 Qc6 21. Re1 Ra8 22. a3 Ra5 23. f3 Rh5+ 24. Kg1 Ng4 25. Re2 Qc5+ 26. Be3
Nxe3 27. Qxe3 Re5 28. Qxc5 bxc5 29. Rxe5 dxe5 30. Kf2 f5 31. Ke3 Kf7 32. c4 Kf6
33. Kd3 g5 34. b3 Ke6 35. Ke2 f4 36. g4 e4 37. fxe4 Ke5 38. Kd3 f3 39. Ke3 f2
40. Kxf2 Kxe4 41. b4 cxb4 42. axb4 Kf4 43. c5 Kxg4 44. Kg2 Kf4 0-1

[Event "European Youth Chess Championship B12"]
[Site "Prague, Top Hotel Prague"]
[Date "2016.08.27"]
[Round "9.16"]
[White "Musyuk, Lior"]
[Black "Bilych, Olexiy"]
[Result "1-0"]
[WhiteElo "2087"]
[BlackElo "1860"]
[PlyCount "113"]
[EventDate "2016.08.18"]

1. e4 Nf6 2. e5 Nd5 3. Nc3 Nxc3 4. dxc3 d6 5. Nf3 Nc6 6. Bb5 g6 7. Bf4 Bg7 8.
Qd2 O-O 9. O-O-O Bg4 10. exd6 cxd6 11. Bc4 Rc8 12. Bd5 Qa5 13. Bh6 Bxf3 14.
gxf3 e6 15. Bb3 Qf5 16. h4 Ne5 17. Bxg7 Kxg7 18. f4 Nc4 19. Qd4+ e5 20. fxe5
dxe5 21. Qxa7 Qf4+ 22. Kb1 Nd2+ 23. Ka1 Nxb3+ 24. cxb3 Qe4 25. Qe3 Qxe3 26.
fxe3 Rfd8 27. c4 f5 28. Kb1 f4 29. Rxd8 Rxd8 30. exf4 exf4 31. Rf1 Rf8 32. Kc2
Kh6 33. Kd3 Kh5 34. Ke4 Kg4 35. Rg1+ Kh5 36. Kf3 Kxh4 37. c5 Kh5 38. Rh1+ Kg5
39. Rxh7 Kf5 40. Rxb7 g5 41. Rg7 Kf6 42. Rd7 Rh8 43. c6 Rh2 44. Rd4 Kf5 45.
Rd5+ Ke6 46. Rxg5 Rc2 47. Kxf4 Kd6 48. Kf3 Kxc6 49. Rg2 Rc1 50. Ke3 Ra1 51. a3
Rd1 52. Rd2 Rh1 53. Kd4 Kb5 54. Kc3 Rc1+ 55. Kd3 Rh1 56. Kc2 Kc5 57. Rd3 1-0

[Event "European Youth Chess Championship B12"]
[Site "Prague, Top Hotel Prague"]
[Date "2016.08.27"]
[Round "9.17"]
[White "Carbonell, Sancho Marc"]
[Black "Spyropoulos, Nikolaos"]
[Result "0-1"]
[WhiteElo "1857"]
[BlackElo "2045"]
[PlyCount "120"]
[EventDate "2016.08.18"]

1. e4 c5 2. Nf3 Nc6 3. d4 cxd4 4. Nxd4 g6 5. c4 Bg7 6. Be3 Nf6 7. Nc3 d6 8. Be2
O-O 9. O-O Bd7 10. Qd2 Nxd4 11. Bxd4 Bc6 12. f3 a5 13. b3 Nd7 14. Be3 Nc5 15.
Rfc1 b6 16. Rab1 f5 17. exf5 Rxf5 18. Re1 Qc7 19. Bd1 Raf8 20. Bc2 Rh5 21. Nd5
Bxd5 22. cxd5 Nd7 23. Rbc1 Qb7 24. Be4 Nc5 25. Qc2 Qd7 26. Red1 Qe8 27. a3 Qf7
28. b4 axb4 29. axb4 Nxe4 30. fxe4 Be5 31. h3 Bf4 32. Bxf4 Qxf4 33. Rf1 Qe3+
34. Kh2 Rg5 35. Rxf8+ Kxf8 36. Rf1+ Kg7 37. Qf2 Qxf2 38. Rxf2 Re5 39. Re2 Kf6
40. Kg3 e6 41. dxe6 Kxe6 42. Kf3 d5 43. exd5+ Kxd5 44. Rxe5+ Kxe5 45. Ke3 Kd5
46. Kd3 g5 47. Kc3 h5 48. Kd3 h4 49. Kc3 Ke4 50. Kc4 Kf4 51. Kb5 Kg3 52. Kxb6
Kxg2 53. Ka6 g4 54. hxg4 h3 55. b5 h2 56. b6 h1=Q 57. b7 Qh2 58. Ka7 Qc7 59. g5
Qa5+ 60. Kb8 Qxg5 0-1

[Event "European Youth Chess Championship B12"]
[Site "Prague, Top Hotel Prague"]
[Date "2016.08.27"]
[Round "9.18"]
[White "Ingebretsen, Jens E"]
[Black "Czopor, Maciej"]
[Result "0-1"]
[WhiteElo "1841"]
[BlackElo "2025"]
[PlyCount "74"]
[EventDate "2016.08.18"]

1. e4 c5 2. Nf3 d6 3. d4 cxd4 4. Nxd4 Nf6 5. Nc3 a6 6. Be3 e6 7. g4 e5 8. Nf5
h5 9. g5 Nxe4 10. Nxg7+ Bxg7 11. Nxe4 d5 12. Nf6+ Bxf6 13. gxf6 Be6 14. Bg5 Qb6
15. b3 Nc6 16. Be2 O-O-O 17. Qd2 Kb8 18. f4 e4 19. f5 Bc8 20. O-O-O Ka8 21.
Rhf1 d4 22. Kb1 Qc5 23. Qf4 Rhe8 24. Bxh5 Nb4 25. Rc1 Nd5 26. Qd2 e3 27. Qd3 e2
28. Rfe1 Nc3+ 29. Kb2 Bxf5 30. Qd2 Ne4 31. Qf4 Nxg5 32. Qxg5 Qc3+ 33. Kb1 Bxc2+
34. Rxc2 Qxe1+ 35. Rc1 Qxc1+ 36. Qxc1 e1=Q 37. Bd1 Rc8 0-1

[Event "European Youth Chess Championship B12"]
[Site "Prague, Top Hotel Prague"]
[Date "2016.08.27"]
[Round "9.19"]
[White "Koziorowicz, Michal"]
[Black "Sosovicka, Jakub"]
[Result "0-1"]
[WhiteElo "1816"]
[BlackElo "1959"]
[PlyCount "94"]
[EventDate "2016.08.18"]

1. e4 c5 2. Nf3 d6 3. d4 cxd4 4. Nxd4 Nf6 5. Nc3 a6 6. f3 e5 7. Nb3 Be7 8. Be3
Be6 9. Qd2 h5 10. O-O-O Nbd7 11. Nd5 Nxd5 12. exd5 Bf5 13. Bd3 Bxd3 14. Qxd3
Rc8 15. Kb1 Bg5 16. Rhe1 O-O 17. Nd2 Bxe3 18. Qxe3 Nc5 19. Ne4 f5 20. Nxc5 Rxc5
21. Qf2 Qa5 22. Qd2 Qb5 23. Re3 Rfc8 24. Rb3 Qa4 25. c3 Rb5 26. Rxb5 Qxb5 27.
Qd3 Qxd3+ 28. Rxd3 g5 29. f4 exf4 30. h4 g4 31. Rd4 f3 32. gxf3 g3 33. Rd2 f4
34. Re2 Kf7 35. Re1 Re8 36. Rf1 Re2 37. a4 Rf2 38. Rg1 Rxf3 39. Kc2 Rf2+ 40.
Kd3 g2 41. c4 f3 42. c5 Rf1 43. c6 bxc6 44. dxc6 Rxg1 45. Kd2 Ke7 46. c7 Kd7
47. c8=Q+ Kxc8 0-1

[Event "European Youth Chess Championship B12"]
[Site "Prague, Top Hotel Prague"]
[Date "2016.08.27"]
[Round "9.20"]
[White "Bochnicka, Vladimir"]
[Black "Karaoglan, Doruk"]
[Result "1/2-1/2"]
[WhiteElo "1953"]
[BlackElo "1889"]
[PlyCount "87"]
[EventDate "2016.08.18"]

1. e4 c5 2. Nf3 e6 3. c3 Nf6 4. Bd3 d6 5. Bc2 Be7 6. O-O O-O 7. d4 cxd4 8. cxd4
Nc6 9. a3 e5 10. d5 Nb8 11. h3 Nbd7 12. Re1 Re8 13. Nbd2 Bf8 14. Nf1 g6 15. Bg5
h6 16. Be3 Bg7 17. Qd2 Kh7 18. g4 Ng8 19. Ng3 Nb6 20. b3 Ne7 21. Kh2 Rh8 22.
Rg1 Kg8 23. Raf1 Nd7 24. Rg2 Nf6 25. Rfg1 h5 26. gxh5 Nxh5 27. Nxh5 Rxh5 28.
Rg3 Bf6 29. Rh1 Bg7 30. Kg2 Qe8 31. Kf1 f5 32. exf5 Nxf5 33. Rg5 Rxg5 34. Bxg5
b6 35. Rg1 Ba6+ 36. Kg2 Qf7 37. Nh4 Bc8 38. Kh2 Nxh4 39. Bxh4 Bf5 40. Bxf5 Qxf5
41. Rg5 Qe4 42. Rg4 Qf5 43. Rg5 Qe4 44. Rg4 1/2-1/2